| 000 | 00533nam a2200193Ia 4500 | ||
|---|---|---|---|
| 999 |
_c3787 _d3787 |
||
| 020 | _a81-7033-860-3 | ||
| 082 | _a305.5122 CHA-; | ||
| 100 | _aChatterjee, Debi | ||
| 245 | 0 | _aUp against caste: comparative study of Ambedkar and Periyar | |
| 260 |
_aJaipur _bRawat Publications _c2004 |
||
| 300 | _aviii, 235p. | ||
| 504 | _aIncludes index | ||
| 650 | _aCaste - India | ||
| 650 | _aRamasami, E.V. - Philosophy | ||
| 650 | _aSocial reformers - India | ||
| 650 | _aAmbedkar, B.R. - Philosophy | ||
| 650 | _aPeriyar | ||
| 942 | _cBK | ||